| 000 | 00000nam##2200000za#4500 |
| 001 | 9.697313 |
| 003 | CaOODSP |
| 005 | 20210624235426 |
| 007 | cr ||||||||||| |
| 008 | 150407|1992||||xxc|||||o f|0| 0 eng|d |
| 040 | |aCaOODSP|beng |
| 043 | |an-cn--- |
| 086 | 1 |aCS96-303/1992E-PDF |
| 245 | 00|aTrends and highlights of Canadian agriculture and its people |h[electronic resource] |
| 260 | |aOttawa - Ontario : |bStatistics Canada. |c1992. |
| 500 | |aHistorical census publication digitized by Statistics Canada. |
| 590 | |a13-04-Supp|b2013-02-13 |
| 690 | 07|aAgriculture statistics|2gcpds |
| 690 | 07|aCensus data|2gcpds |
| 710 | 1 |aCanada. |bStatistics Canada. |bAgriculture Division. |
| 775 | 08|tTendances et faits saillants de l'agriculture et de la population agricole au Canada |w(CaOODSP)9.641371 |
| 856 | 40|ahttp://publications.gc.ca|qPDF|s2.1 MB|uhttps://publications.gc.ca/collections/collection_2013/statcan/rh-hc/CS96-303-1992-eng.pdf |